Historia del urbanismo: el siglo XVII
Guardat en:
| Autors principals: | , |
|---|---|
| Format: | Llibre |
| Idioma: | espanyol |
| Publicat: |
Madrid
Instituto de Estudios de Administración Local
1982
|
| Edició: | 1a. ed |
| Matèries: | |
| Etiquetes: |
Afegir etiqueta
Sense etiquetes, Sigues el primer a etiquetar aquest registre!
|
MARC
| LEADER | 00000cam a2200000 a 4500 | ||
|---|---|---|---|
| 001 | UCC1665 | ||
| 003 | CL-VaPUC | ||
| 008 | 171117e19820000sp |||||||||||||||||spa|d | ||
| 020 | |a 8470882937 | ||
| 082 | 0 | 4 | |a 711.409 |b GUI |2 21 |
| 100 | |a Guidoni, Enrico |e author |9 595711 | ||
| 700 | 0 | |a Marino, Angela |e author |9 595712 | |
| 245 | 1 | 0 | |a Historia del urbanismo: el siglo XVII |
| 250 | |a 1a. ed | ||
| 300 | |a 641 p | ||
| 942 | |c BK | ||
| 945 | |d 20171117 16:06:00 |a dcastane | ||
| 260 | |a Madrid |b Instituto de Estudios de Administración Local |c 1982 | ||
| 650 | 0 | |a Urbanismo |9 255208 | |
| 650 | 0 | |a Planificación urbana |9 258176 | |
| 650 | 0 | |a Historia de la arquitectura |9 266241 | |
| 583 | |a last modification |c 20171117 16:06:00 |k Rodrigo Vera | ||
| 999 | |c 370064 |d 370062 | ||
| 952 | |0 0 |1 0 |3 erd |4 0 |6 711_409000000000000_GUI_1982 |7 0 |8 P |9 486355 |a BIBARQ |b BIBARQ |i 5437261 |o 711.409 GUI 1982 |p 5437261 |r 2025-01-20 |w 2019-11-24 |y BK |z Catalogado en:20171117 |k ARQ | ||